Rapport sur les progrés de la géologie experimentale / (Record no. 51938)

MARC details
000 -LEADER
campo de control de longitud fija 00834nam a2200229 i 4500
001 - NÚMERO DE CONTROL
campo de control 51938
003 - IDENTIFICADOR DE NÚMERO DE CONTROL
campo de control ES-MaACL
005 - FECHA Y HORA DE LA ÚLTIMA TRANSACCIÓN
campo de control 20250815110835.0
007 - CAMPO FIJO DE DESCRIPCIÓN FÍSICA--INFORMACIÓN GENERAL
campo de control de longitud fija t|
008 - DATOS DE LONGITUD FIJA--INFORMACIÓN GENERAL
campo de control de longitud fija 030821s1867 fr ||||1| fre d
100 1# - ENTRADA PRINCIPAL--NOMBRE DE PERSONA
Nombre de persona Daubrée, Auguste.
9 (RLIN) 42793
245 10 - MENCIÓN DEL TÍTULO
Título Rapport sur les progrés de la géologie experimentale /
Mención de responsabilidad, etc. par A. Daubrée.
260 ## - PUBLICACIÓN, DISTRIBUCIÓN, ETC.
Lugar de publicación, distribución, etc. Paris :
Nombre del editor, distribuidor, etc. [s.n.],
Fecha de publicación, distribución, etc. 1867 (
Fabricante Imp. Imperiale)
300 ## - DESCRIPCIÓN FÍSICA
Extensión 142 p. ;
Dimensiones 26 cm.
490 1# - MENCIÓN DE SERIE
Mención de serie Recueil de Rapports sur les progrés des lettres et des sciencies en France
500 ## - NOTA GENERAL
Nota general Publication fu Ministère de L'Instruction Publique.
650 07 - PUNTO DE ACCESO ADICIONAL DE MATERIA--TÉRMINO DE MATERIA
Término de materia o nombre geográfico como elemento de entrada Geología
Fuente del encabezamiento o término embne
9 (RLIN) 13086
830 0# - PUNTO DE ACCESO ADICIONAL DE SERIE-TÍTULO UNIFORME
Título uniforme Recueil de Rapports sur les progrés des lettres et des sciencies en France
9 (RLIN) 230193
852 ## - LOCALIZACIÓN
Ubicación ES-MaACL
Número de control de estantería G-6443
852 ## - LOCALIZACIÓN
Ubicación ES-MaACL
Número de control de estantería T-1168-F-6
Holdings
Estatus retirado Estado de pérdida Estado de daño No para préstamo Colección Biblioteca de origen Biblioteca actual Ubicación en estantería Fecha de adquisición Fuente de adquisición Total de préstamos Signatura topográfica completa Código de barras Visto por última vez Precio de reemplazo Tipo de ítem Koha
        Colección de folletos Biblioteca del Ateneo de Madrid Biblioteca del Ateneo de Madrid Depósito folletos 11/09/2014     T-1168-F-6 1193051 23/02/2023 23/02/2023 Folleto
        Libros del s. XIX Biblioteca del Ateneo de Madrid Biblioteca del Ateneo de Madrid Depósito 2 17/01/2008     G-6443 1054609 23/02/2023 23/02/2023 Libro impreso antiguo